Circo y educación física: otra forma de aprender
Na minha lista:
| Autor principal: | |
|---|---|
| Formato: | Livro |
| Idioma: | espanhol |
| Publicado em: |
Barcelona
INDE
2003
|
| Edição: | 1a. ed |
| coleção: | Educación Física
|
| Assuntos: | |
| Tags: |
Adicionar Tag
Sem tags, seja o primeiro a adicionar uma tag!
|
MARC
| LEADER | 00000nam a2200000 a 4500 | ||
|---|---|---|---|
| 001 | UCK4230 | ||
| 003 | CL-VaPUC | ||
| 008 | 050527e20030000SP |||||||||||||||||spa|d | ||
| 020 | |a 8497290305 | ||
| 082 | 0 | 4 | |a 371.337 |b INV |2 21 |
| 100 | 0 | |a Invernó i Curós, Josep |e author |9 492715 | |
| 245 | 1 | 0 | |a Circo y educación física: otra forma de aprender |
| 250 | |a 1a. ed | ||
| 300 | |a 286 p | ||
| 942 | |c BK | ||
| 945 | |d 20050527 00:00:00 |a cmena | ||
| 260 | |a Barcelona |b INDE |c 2003 | ||
| 500 | |a Incluye Dvd | ||
| 650 | 0 | |a Educación física |9 240893 | |
| 650 | 7 | |a CIRCOS |2 CL-VaPUC |9 459779 | |
| 650 | 0 | |a Métodos de enseñanza |9 270413 | |
| 650 | 0 | |a Actividades circenses |9 492716 | |
| 650 | 7 | |a MALABARISMO |2 CL-VaPUC |9 452348 | |
| 650 | 0 | |a Acrobacia |9 307469 | |
| 583 | |a last modification |c 20180404 10:11:34 |k Rodrigo Vera | ||
| 490 | 0 | |a Educación Física | |
| 999 | |c 313169 |d 313167 | ||
| 952 | |0 0 |1 0 |4 0 |6 371_337000000000000_INV_2003 |7 0 |8 A |9 384271 |a BIBEDU |b BIBEDU |d 2019-11-22 |i 4131126 |l 5 |m 2 |o 371.337 INV 2003 |p 4131126 |r 2022-04-13 |s 2021-11-29 |w 2019-11-22 |y BK |k EFI | ||